Library Banner

Partition of India (Record no. 37829)

MARC details
000 -LEADER
fixed length control field 00439nam a2200169Ia 4500
001 - CONTROL NUMBER
control field 38493
008 - FIXED-LENGTH DATA ELEMENTS--GENERAL INFORMATION
fixed length control field 140422s9999 xx 000 0 und d
020 ## - INTERNATIONAL STANDARD BOOK NUMBER
International Standard Book Number 019597719x
040 ## - CATALOGING SOURCE
Transcribing agency PK-LaUMT
082 ## - DEWEY DECIMAL CLASSIFICATION NUMBER
Classification number 954.035
Item number SEE-P
100 ## - MAIN ENTRY--PERSONAL NAME
Personal name Seervai, H. M.
245 ## - TITLE STATEMENT
Title Partition of India
Remainder of title legend and reality
Statement of responsibility, etc Seervai, H. M.
260 ## - PUBLICATION, DISTRIBUTION, ETC. (IMPRINT)
Place of publication, distribution, etc Karachi,Pakistan:
Name of publisher, distributor, etc Oxford University Press,
Date of publication, distribution, etc 2006
300 ## - PHYSICAL DESCRIPTION
Extent 256 p.
546 ## - LANGUAGE NOTE
Language note EN
942 ## - ADDED ENTRY ELEMENTS (KOHA)
Koha item type Books
Holdings
Withdrawn status Lost status Damaged status Not for loan Home library Current library Date acquired Total Checkouts Full call number Barcode Date last seen Price effective from Koha item type
        UMT Main Campus UMT Main Campus 2014-04-22   954.035 SEE-P 41310 2014-05-05 2014-05-05 Books